[Event "CYCC U12 w"]
[Site "Sault Ste Marie CAN"]
[Date "2017.07.06"]
[Round "1.76"]
[White "Van, Anna"]
[Black "Tsukerman, Julia"]
[Result "0-1"]
[WhiteElo "1720"]
[BlackElo "1371"]
[WhiteFideId "-1"]
[WhiteFideId "-1"]
[PlyCount "158"]
[GameId "2160767908410433"]
[EventDate "2017.07.06"]
[EventType "swiss"]
[EventRounds "7"]
[EventCountry "CAN"]
[SourceTitle "EXT 2022"]
[Source "ChessBase"]
[SourceDate "2021.10.06"]
[SourceVersion "1"]
[SourceVersionDate "2021.10.06"]
[SourceQuality "1"]

1. e4 c5 2. Nc3 Nc6 3. f4 e6 4. Nf3 a6 5. Be2 d6 6. O-O Nge7 7. d3 g6 8. Kh1 Bg7 9. Qe1 O-O 10. Qh4 b5 11. Nd1 Qc7 12. Nf2 f5 13. g4 Nd4 14. Bd1 Nxf3 15. Bxf3 Bb7 16. Nh3 Qd7 17. Ng5 h6 18. Nh3 d5 19. exf5 exf5 20. g5 h5 21. Qf2 d4 22. Bxb7 Qxb7+ 23. Qg2 Nd5 24. Re1 Rae8 25. Bd2 Kf7 26. c4 dxc3 27. bxc3 Qd7 28. Rec1 Ne3 29. Bxe3 Rxe3 30. d4 c4 31. Ng1 Rfe8 32. Qd2 Qd6 33. Rf1 Qd5+ 34. Qg2 Qxg2+ 35. Kxg2 Rxc3 36. Rad1 Rd8 37. Nf3 Rc2+ 38. Rf2 Rxf2+ 39. Kxf2 b4 40. Ne5+ Bxe5 41. fxe5 Ke6 42. Ke3 Kd5 43. Rb1 a5 44. Rd1 a4 45. Kd2 Ke4 46. Kc2 f4 47. e6 Kf5 48. d5 Re8 49. Re1 f3 50. e7 f2 51. Rf1 Rxe7 52. Rxf2+ Ke5 53. Rf3 Kxd5 54. Rf2 Re3 55. Rd2+ Kc5 56. Kb1 b3 57. Rd1 c3 58. Rc1 Kb4 59. axb3 axb3 60. h4 Ka3 61. Rf1 b2 62. Kc2 Ka2 63. Rd1 b1=Q+ 64. Rxb1 Re2+ 65. Kxc3 Kxb1 66. Kd3 Rh2 67. Ke3 Rxh4 68. Kf3 Rg4 69. Ke3 h4 70. Kf3 Rxg5 71. Kf4 Rg1 72. Kf3 h3 73. Kf2 h2 74. Ke3 h1=Q 75. Kd4 Qh5 76. Ke4 Rg4+ 77. Kd3 Qh3+ 78. Ke2 Rg2+ 79. Kd1 Qh1# 0-1

[Event "CYCC U12 w"]
[Site "Sault Ste Marie CAN"]
[Date "2017.07.06"]
[Round "1.77"]
[White "Farkas, Jezzel"]
[Black "Shen, Isamel"]
[Result "0-1"]
[WhiteElo "1326"]
[BlackElo "1538"]
[WhiteFideId "-1"]
[WhiteFideId "-1"]
[PlyCount "98"]
[GameId "2160767908410434"]
[EventDate "2017.07.06"]
[EventType "swiss"]
[EventRounds "7"]
[EventCountry "CAN"]
[SourceTitle "hb 2017"]

1. d4 d5 2. Bf4 Nf6 3. e3 Bf5 4. Nf3 e6 5. Be2 Nc6 6. a3 Be7 7. O-O O-O 8. h3 h6 9. c4 a6 10. Nc3 Na5 11. Ne5 Bd6 12. c5 Bxe5 13. Bxe5 Nh7 14. b4 Nc6 15. Bf4 f6 16. Bg4 Ne7 17. Bxf5 Nxf5 18. Qc2 Rc8 19. Rfd1 c6 20. a4 Qe8 21. Bh2 Ng5 22. e4 Ne7 23. exd5 cxd5 24. Bd6 Nf7 25. Bxe7 Qxe7 26. Qe2 Qe8 27. Re1 Nd8 28. Nxd5 Qf7 29. Nb6 Rc7 30. Qe4 Qh5 31. d5 f5 32. Qe5 Re7 33. dxe6 Nxe6 34. Qd5 Rf6 35. Re5 Kh7 36. Qd1 Qg5 37. Qc1 Nf4 38. Qf1 Rxe5 39. Nd7 Ree6 40. Nxf6+ Rxf6 41. g3 Rg6 42. Kh2 Ne6 43. Qd3 Nf4 44. Qf3 Ne6 45. Qxb7 Qd2 46. Rf1 Qe2 47. Qg2 Nf4 48. Qg1 Rg5 49. Qh1 Nxh3 0-1

[Event "CYCC U12 w"]
[Site "Sault Ste Marie CAN"]
[Date "2017.07.06"]
[Round "2.77"]
[White "Shen, Isamel"]
[Black "Guo, Hazel"]
[Result "1-0"]
[WhiteElo "1538"]
[BlackElo "1388"]
[WhiteFideId "-1"]
[WhiteFideId "-1"]
[PlyCount "103"]
[GameId "2160767908410438"]
[EventDate "2017.07.06"]
[EventType "swiss"]
[EventRounds "7"]
[EventCountry "CAN"]
[SourceTitle "hb 2017"]

1. e4 e6 2. d4 d5 3. e5 c5 4. c3 Nc6 5. Nf3 Qb6 6. Be2 Nh6 7. Nbd2 Nf5 8. Nb3 Be7 9. O-O O-O 10. Be3 c4 11. Nc5 Bxc5 12. dxc5 Qxb2 13. Bd2 Qa3 14. Qc2 Qxc5 15. Rab1 Qa5 16. Rfd1 Qc7 17. Bf4 Nfe7 18. Qd2 Ng6 19. Re1 f6 20. Bg3 fxe5 21. Bd1 Qf7 22. Nxe5 Ncxe5 23. Bxe5 Qf5 24. Bc2 Qh5 25. Bg3 b6 26. Ba4 Qf5 27. Bc6 Bb7 28. Bxb7 Rad8 29. Bc6 e5 30. Bb5 e4 31. Rbd1 Qc8 32. Qg5 Qc5 33. Ba4 Qa5 34. Bc6 Qc5 35. Bxd5+ Kh8 36. Rxe4 Qc8 37. Red4 Qc5 38. Qxg6 Qe7 39. Qg4 Rd7 40. h3 Rdd8 41. Bh4 Qc7 42. Bxd8 Qxd8 43. Qh5 Qf6 44. R1d2 g6 45. Qg4 Qe7 46. Re2 Qa3 47. Rxc4 Qc1+ 48. Kh2 Qa3 49. Qd4+ Rf6 50. Re8+ Kg7 51. Rc7+ Kh6 52. Qh4# 1-0

[Event "CYCC U12 w"]
[Site "Sault Ste Marie CAN"]
[Date "2017.07.06"]
[Round "2.78"]
[White "Qiao, Joey"]
[Black "Gilani, Mysha"]
[Result "0-1"]
[WhiteElo "1460"]
[BlackElo "1484"]
[WhiteFideId "-1"]
[WhiteFideId "-1"]
[PlyCount "116"]
[GameId "2160767908410439"]
[EventDate "2017.07.06"]
[EventType "swiss"]
[EventRounds "7"]
[EventCountry "CAN"]
[SourceTitle "hb 2017"]

1. e4 e5 2. Nf3 Nc6 3. Bb5 a6 4. Ba4 Nf6 5. O-O Be7 6. Re1 b5 7. Bb3 d6 8. h3 Na5 9. c3 c5 10. Bc2 O-O 11. d3 Nc6 12. Nbd2 Qb6 13. Nf1 Bd8 14. Ng3 Ne7 15. Nh4 Qa7 16. Bg5 Ng6 17. Nf3 h6 18. Be3 Bb6 19. Rf1 Re8 20. Qc1 Kh7 21. Bb3 Be6 22. Bxe6 fxe6 23. Qc2 d5 24. exd5 exd5 25. Rfe1 Rac8 26. Nf5 d4 27. Bd2 Qd7 28. Ng3 Rcd8 29. cxd4 cxd4 30. Qd1 Nd5 31. Re4 Bc7 32. Re1 Ndf4 33. Ne2 Nxd3 34. Rf1 Nxb2 35. Qc2 d3 36. Qxb2 dxe2 37. Rfe1 e4 38. Rxe2 exf3 39. Rxe8 Rxe8 40. gxf3 Qxh3 41. f4 Bxf4 42. Bxf4 Nxf4 43. Qc2+ Kh8 44. f3 Re2 45. Qxe2 Nxe2+ 46. Kf2 Qh2+ 47. Ke3 Qf4+ 48. Kxe2 Qe5+ 49. Kf2 Qxa1 50. f4 Qb2+ 51. Kf3 Qxa2 52. f5 Qb1 53. f6 gxf6 54. Kf4 Qb4+ 55. Kf5 Qd4 56. Kg6 Kg8 57. Kxh6 Qh4+ 58. Kg6 Qg5# 0-1

[Event "CYCC U12 w"]
[Site "Sault Ste Marie CAN"]
[Date "2017.07.06"]
[Round "2.79"]
[White "Tsukerman, Julia"]
[Black "Farkas, Jezzel"]
[Result "1-0"]
[WhiteElo "1371"]
[BlackElo "1326"]
[WhiteFideId "-1"]
[WhiteFideId "-1"]
[PlyCount "61"]
[GameId "2160767908410440"]
[EventDate "2017.07.06"]
[EventType "swiss"]
[EventRounds "7"]
[EventCountry "CAN"]
[SourceTitle "hb 2017"]

1. e4 d6 2. d4 Nf6 3. Nc3 g6 4. Be3 Bg7 5. f3 O-O 6. Qd2 c6 7. O-O-O Qc7 8. g4 b5 9. g5 Nfd7 10. h4 a5 11. h5 Re8 12. hxg6 fxg6 13. f4 Nf8 14. Bh3 b4 15. Nce2 Bxh3 16. Nxh3 c5 17. dxc5 dxc5 18. Qd5+ e6 19. Qxa8 Qb6 20. e5 Rc8 21. Qe4 Qc7 22. Qc4 Nbd7 23. Nf2 Nb6 24. Qd3 Nd5 25. c4 Nxe3 26. Qxe3 a4 27. Ne4 Nd7 28. Nd6 Rb8 29. Ng3 b3 30. a3 Nb6 31. Nge4 1-0

[Event "CYCC U12 w"]
[Site "Sault Ste Marie CAN"]
[Date "2017.07.07"]
[Round "3.77"]
[White "Gilani, Mysha"]
[Black "Tsukerman, Julia"]
[Result "1/2-1/2"]
[WhiteElo "1484"]
[BlackElo "1371"]
[WhiteFideId "-1"]
[WhiteFideId "-1"]
[PlyCount "124"]
[GameId "2160767908410443"]
[EventDate "2017.07.06"]
[EventType "swiss"]
[EventRounds "7"]
[EventCountry "CAN"]
[SourceTitle "hb 2017"]

1. d4 Nf6 2. c4 g6 3. Nc3 Bg7 4. e4 d6 5. f4 O-O 6. Nf3 c5 7. d5 e6 8. Bd3 exd5 9. cxd5 Re8 10. O-O a6 11. a4 Nbd7 12. Re1 Qc7 13. Bc2 Rb8 14. e5 dxe5 15. d6 Qc6 16. fxe5 Ng4 17. Nd5 Kh8 18. Be4 c4 19. Ng5 Ndxe5 20. Ne3 Qd7 21. Bd5 Nh6 22. Nxc4 Nxc4 23. Rxe8+ Qxe8 24. Bxc4 f6 25. Nf3 Nf7 26. Bf4 Bd7 27. Qb3 Ne5 28. Bxe5 fxe5 29. Ng5 h6 30. Nf7+ Kh7 31. Re1 b5 32. axb5 Bxb5 33. Be6 Bc6 34. d7 Bxd7 35. Bxd7 Qxd7 36. Qxb8 Qxf7 37. Qb6 Qc4 38. b3 Qc3 39. Qe3 Qb4 40. Ra1 a5 41. Ra4 Qb5 42. Qc3 Qb6+ 43. Kh1 Qf2 44. h3 e4 45. Qc7 e3 46. Re4 e2 47. Qxa5 Qf1+ 48. Kh2 Qb1 49. Qb4 Qd1 50. Qe7 Qxb3 51. Rxe2 Qb8+ 52. Kh1 Qb1+ 53. Re1 Qf5 54. Qc7 Qf2 55. Re7 Qf1+ 56. Kh2 Qf6 57. Rf7 Qd4 58. Qa7 Qe5+ 59. Kh1 Qe1+ 60. Kh2 Qe5+ 61. Kg1 Qe1+ 62. Rf1 Qe5 1/2-1/2

[Event "CYCC U12 w"]
[Site "Sault Ste Marie CAN"]
[Date "2017.07.07"]
[Round "3.78"]
[White "Van, Anna"]
[Black "Shen, Isamel"]
[Result "1-0"]
[WhiteElo "1720"]
[BlackElo "1538"]
[WhiteFideId "-1"]
[WhiteFideId "-1"]
[PlyCount "85"]
[GameId "2160767908410444"]
[EventDate "2017.07.06"]
[EventType "swiss"]
[EventRounds "7"]
[EventCountry "CAN"]
[SourceTitle "EXT 2022"]
[Source "ChessBase"]
[SourceDate "2021.10.06"]
[SourceVersion "1"]
[SourceVersionDate "2021.10.06"]
[SourceQuality "1"]

1. e4 e5 2. Nf3 Nc6 3. Bc4 Bc5 4. c3 Bb6 5. d3 Nf6 6. O-O h6 7. h3 O-O 8. Bb3 d6 9. Nbd2 Be6 10. Bc2 Ne7 11. Re1 Ng6 12. Nf1 Nh7 13. Ng3 Qd7 14. Bb3 Kh8 15. d4 Qc8 16. Be3 Bd7 17. Bc2 c6 18. Qd3 Bc7 19. Rad1 Nf6 20. Bb3 b6 21. Ba4 b5 22. Bb3 Qb7 23. dxe5 dxe5 24. Bc5 Rfd8 25. Qc2 Be8 26. Nf5 Bb6 27. Bxb6 Qxb6 28. Nd6 Qc7 29. Nf5 Nh7 30. c4 b4 31. c5 Nhf8 32. Qc4 a5 33. Rd6 Rd7 34. h4 Rad8 35. Red1 Ra8 36. h5 Nf4 37. Nxe5 Rdd8 38. Rxd8 Rxd8 39. Rxd8 Qxd8 40. Nxf7+ Bxf7 41. Qxf7 N8e6 42. Bxe6 Ne2+ 43. Kh2 1-0

[Event "CYCC U12 w"]
[Site "Sault Ste Marie CAN"]
[Date "2017.07.07"]
[Round "3.79"]
[White "Guo, Hazel"]
[Black "Qiao, Joey"]
[Result "1-0"]
[WhiteElo "1388"]
[BlackElo "1460"]
[WhiteFideId "-1"]
[WhiteFideId "-1"]
[PlyCount "137"]
[GameId "2160767908410445"]
[EventDate "2017.07.06"]
[EventType "swiss"]
[EventRounds "7"]
[EventCountry "CAN"]
[SourceTitle "hb 2017"]

1. e4 e5 2. Nf3 Nc6 3. Bc4 Bc5 4. O-O Nf6 5. d4 Bxd4 6. Nxd4 Nxd4 7. Bg5 d6 8. f4 Be6 9. Bxe6 Nxe6 10. Qf3 Qe7 11. Nc3 Nxg5 12. fxg5 Ng8 13. Nd5 Qd7 14. Qc3 c6 15. Ne3 Ne7 16. Rad1 O-O 17. Qa3 Rfd8 18. Qb3 Rf8 19. Qa3 d5 20. exd5 cxd5 21. Nxd5 Nxd5 22. c4 Qe7 23. cxd5 Qxa3 24. bxa3 Rad8 25. d6 Rd7 26. Rd5 Re8 27. Rf5 e4 28. Rfe5 Rxe5 29. Rxe5 Kf8 30. Rd5 f6 31. gxf6 gxf6 32. Kf2 Kf7 33. Ke3 Ke6 34. Kxe4 Rxd6 35. Rxd6+ Kxd6 36. Kf5 Ke7 37. g4 Kf7 38. h3 b5 39. h4 h6 40. Kf4 Ke6 41. Ke4 a6 42. Kd4 Kd6 43. Ke4 Ke6 44. Kf4 a5 45. Ke4 a4 46. Kf4 Ke7 47. Kf5 Kf7 48. h5 Kg7 49. Ke6 f5 50. gxf5 Kf8 51. f6 Ke8 52. f7+ Kf8 53. Kf6 b4 54. axb4 a3 55. Kg6 Ke7 56. Kg7 Ke6 57. f8=Q Kd5 58. Qc8 Ke4 59. Qc5 Kf4 60. Qd5 Kg3 61. Qe4 Kf2 62. Qd3 Kg2 63. Qf5 Kg3 64. Kf6 Kg2 65. Ke5 Kg3 66. Ke4 Kh4 67. Qg6 Kh3 68. Kf3 Kh2 69. Qg2# 1-0

[Event "CYCC U12 w"]
[Site "Sault Ste Marie CAN"]
[Date "2017.07.07"]
[Round "3.81"]
[White "Farkas, Jezzel"]
[Black "Laird, Aili"]
[Result "1-0"]
[WhiteElo "1326"]
[BlackElo "982"]
[WhiteFideId "-1"]
[WhiteFideId "-1"]
[PlyCount "81"]
[GameId "2160767908410446"]
[EventDate "2017.07.06"]
[EventType "swiss"]
[EventRounds "7"]
[EventCountry "CAN"]
[SourceTitle "hb 2017"]

1. d4 d5 2. Bf4 g6 3. e3 Bg7 4. Nf3 e6 5. Bd3 g5 6. Bxg5 f6 7. Bf4 Nc6 8. Bb5 Bd7 9. Bxc6 Bxc6 10. O-O Bb5 11. Re1 Bh6 12. Bg3 f5 13. Ne5 Nf6 14. Nd2 Rg8 15. c4 Ba6 16. b4 Qd6 17. b5 O-O-O 18. Nf7 Qd7 19. Nxd8 Qxd8 20. bxa6 bxa6 21. Rb1 Kd7 22. Qa4+ Ke7 23. Rb7 Rg7 24. Rxc7+ Qxc7 25. Bxc7 Kf8 26. Bd6+ Kf7 27. Qxa6 Ne8 28. Qxa7+ Kg8 29. Qb8 Rf7 30. Qxe8+ Bf8 31. Qxf8+ Rxf8 32. Bxf8 Kxf8 33. a4 Ke8 34. a5 Kd8 35. a6 Kc8 36. Rb1 Kc7 37. a7 Kd6 38. a8=Q e5 39. Rb6+ Ke7 40. Qa7+ Kf8 41. Rb8# 1-0

[Event "CYCC U12 w"]
[Site "Sault Ste Marie CAN"]
[Date "2017.07.07"]
[Round "4.77"]
[White "Shen, Isamel"]
[Black "Gilani, Mysha"]
[Result "1/2-1/2"]
[WhiteElo "1538"]
[BlackElo "1484"]
[WhiteFideId "-1"]
[WhiteFideId "-1"]
[PlyCount "117"]
[GameId "2160767908410447"]
[EventDate "2017.07.06"]
[EventType "swiss"]
[EventRounds "7"]
[EventCountry "CAN"]
[SourceTitle "hb 2017"]

1. e4 e5 2. Nf3 Nc6 3. Bb5 a6 4. Ba4 Nf6 5. O-O Be7 6. Re1 b5 7. Bb3 d6 8. c3 Na5 9. Bc2 c5 10. h3 O-O 11. d4 cxd4 12. cxd4 Nc6 13. Bg5 h6 14. Bh4 a5 15. a4 b4 16. Bb3 Qb6 17. d5 Nb8 18. Nbd2 Nbd7 19. Bc2 Nc5 20. Nb3 Nxb3 21. Bxb3 Ba6 22. Bc2 Rac8 23. Bd3 Bxd3 24. Qxd3 Qd8 25. Bg3 Nh5 26. Bh2 Qb6 27. Rac1 Bf6 28. Qd2 Rc7 29. Rxc7 Qxc7 30. Rc1 Qd7 31. Rc6 Rb8 32. Kh1 Bd8 33. Qc1 Bb6 34. Qc2 f6 35. Nd2 Bxf2 36. Nc4 Bc5 37. Nxa5 Qa7 38. Nc4 b3 39. Qb1 Qxa4 40. Nxd6 Bxd6 41. Rxd6 Qa7 42. Qc1 Nf4 43. Bxf4 exf4 44. Rc6 Re8 45. d6 Qa4 46. d7 Rd8 47. Rc8 Qxd7 48. Qc4+ Kh7 49. Rxd8 Qxd8 50. Qxb3 Qa5 51. Qc3 Qa7 52. b4 Qf2 53. b5 Qf1+ 54. Kh2 Qxb5 55. Qc2 Qe5 56. Kh1 Qa1+ 57. Kh2 Qe5 58. Kh1 Qa1+ 59. Kh2 1/2-1/2

[Event "CYCC U12 w"]
[Site "Sault Ste Marie CAN"]
[Date "2017.07.07"]
[Round "4.78"]
[White "Tsukerman, Julia"]
[Black "Guo, Hazel"]
[Result "1-0"]
[WhiteElo "1371"]
[BlackElo "1388"]
[WhiteFideId "-1"]
[WhiteFideId "-1"]
[PlyCount "117"]
[GameId "2160767908410448"]
[EventDate "2017.07.06"]
[EventType "swiss"]
[EventRounds "7"]
[EventCountry "CAN"]
[SourceTitle "hb 2017"]

1. e4 e6 2. d4 d5 3. e5 c5 4. c3 Nc6 5. Nf3 Qb6 6. Be2 Nh6 7. Bxh6 Qxb2 8. Be3 Qxa1 9. Qc2 cxd4 10. Nxd4 Nxd4 11. Bxd4 Ba3 12. Bb5+ Kf8 13. O-O Qb2 14. Bc5+ Kg8 15. Nxa3 Qxc2 16. Nxc2 b6 17. Bd6 Bb7 18. Nb4 Rc8 19. Rc1 h6 20. Na6 Kh7 21. Nc7 h5 22. f4 h4 23. Kf2 Kg6 24. Ke3 Kf5 25. h3 Kg6 26. Rc2 Kh6 27. Kd4 Rhg8 28. Bd3 g5 29. f5 g4 30. fxe6 fxe6 31. Nxe6 gxh3 32. gxh3 Rg3 33. Nc7 Rcg8 34. Bf5 Rg1 35. Bg4 Kh7 36. e6 Re1 37. e7 Bc6 38. Bh5 Re4+ 39. Kd3 Bd7 40. Nxd5 Re6 41. Bf4 Rc8 42. Bg4 Re8 43. Bxe6 Bxe6 44. Nf6+ Kg6 45. Nxe8 Kf7 46. Re2 Bf5+ 47. Kd4 Kxe8 48. Bg5 Bg6 49. Ke5 Bh5 50. Rd2 Kf7 51. Rd8 Kg7 52. e8=Q Bxe8 53. Rxe8 a5 54. Kf5 b5 55. Re7+ Kf8 56. Kf6 a4 57. Bh6+ Kg8 58. Kg6 Kh8 59. Re8# 1-0

[Event "CYCC U12 w"]
[Site "Sault Ste Marie CAN"]
[Date "2017.07.07"]
[Round "4.79"]
[White "Belleau, Natasha"]
[Black "Van, Anna"]
[Result "0-1"]
[WhiteElo "860"]
[BlackElo "1720"]
[WhiteFideId "-1"]
[WhiteFideId "-1"]
[PlyCount "66"]
[GameId "2160767908410449"]
[EventDate "2017.07.06"]
[EventType "swiss"]
[EventRounds "7"]
[EventCountry "CAN"]
[SourceTitle "EXT 2022"]
[Source "ChessBase"]
[SourceDate "2021.10.06"]
[SourceVersion "1"]
[SourceVersionDate "2021.10.06"]
[SourceQuality "1"]

1. e4 c5 2. Bc4 Nc6 3. Qf3 Nf6 4. d3 h6 5. d4 Nxd4 6. Qa3 Nxc2+ 7. Kd1 Nxa3 8. bxa3 Nxe4 9. Nh3 a6 10. f3 Nf6 11. Bb2 e6 12. Nf2 d5 13. Bb3 c4 14. Ba4+ b5 15. Bc2 Bc5 16. Ng4 Nxg4 17. fxg4 O-O 18. h4 d4 19. g5 h5 20. Bc1 d3 21. Bxd3 Qxd3+ 22. Bd2 Bd4 23. Rh3 Qf1+ 24. Be1 Bxa1 25. Nd2 Qxg2 26. Rf3 c3 27. Rf2 Qd5 28. Rh2 cxd2 29. Rxd2 Qf3+ 30. Re2 Rd8+ 31. Kc2 Qxe2+ 32. Bd2 Qxd2+ 33. Kb1 Qb2# 0-1

[Event "CYCC U12 w"]
[Site "Sault Ste Marie CAN"]
[Date "2017.07.07"]
[Round "4.80"]
[White "Qiao, Joey"]
[Black "Farkas, Jezzel"]
[Result "1/2-1/2"]
[WhiteElo "1460"]
[BlackElo "1326"]
[WhiteFideId "-1"]
[WhiteFideId "-1"]
[PlyCount "151"]
[GameId "2160767908410450"]
[EventDate "2017.07.06"]
[EventType "swiss"]
[EventRounds "7"]
[EventCountry "CAN"]
[SourceTitle "hb 2017"]

1. e4 d6 2. d4 Nf6 3. Nc3 g6 4. Nf3 Bg7 5. Be2 O-O 6. O-O Bg4 7. h3 Bxf3 8. Bxf3 e5 9. dxe5 dxe5 10. Qxd8 Rxd8 11. Nb5 Na6 12. Be3 b6 13. a3 c6 14. Nc3 Nc7 15. Rfd1 Ne6 16. Na2 Nd4 17. Bxd4 exd4 18. Nb4 Rac8 19. Rd2 Nd7 20. Nd3 Ne5 21. Nxe5 Bxe5 22. Rad1 Rd6 23. b3 Rcd8 24. Be2 c5 25. Bc4 Kf8 26. Rb1 Rb8 27. b4 cxb4 28. axb4 Rc8 29. Bd3 Rc3 30. Ra1 Rd7 31. Rdd1 Rdc7 32. Ra2 Re7 33. Rda1 Rcc7 34. Rd1 Rc3 35. g3 g5 36. Kg2 Rec7 37. Rda1 Bd6 38. b5 h6 39. Rxa7 Rxa7 40. Rxa7 Rc7 41. Ra4 Bc5 42. Kf3 Re7 43. Ra1 Kg7 44. Rh1 Re5 45. h4 f6 46. hxg5 Rxg5 47. Kg2 Bd6 48. Rh4 Re5 49. Rh1 Rg5 50. Ra1 h5 51. Rh1 Kh6 52. Be2 Kg6 53. Bd3 Kh6 54. Be2 Kg6 55. Rh4 Rc5 56. Bd3 Kh6 57. f4 Be7 58. Rh1 Kg7 59. Kf2 Bd6 60. f5 Kh6 61. g4 h4 62. Rxh4+ Kg5 63. Rh7 Kxg4 64. Rg7+ Kf4 65. Rg6 Ke5 66. Kf3 Rc7 67. Rg8 Re7 68. Rc8 Rc7 69. Rb8 Bc5 70. Bc4 Rd7 71. Bd5 Rc7 72. Bc6 Re7 73. Rd8 Bd6 74. Rc8 Rc7 75. Rb8 Bc5 76. Bd5 1/2-1/2

[Event "CYCC U12 w"]
[Site "Sault Ste Marie CAN"]
[Date "2017.07.08"]
[Round "5.77"]
[White "Shen, Isamel"]
[Black "Tsukerman, Julia"]
[Result "1/2-1/2"]
[WhiteElo "1538"]
[BlackElo "1371"]
[WhiteFideId "-1"]
[WhiteFideId "-1"]
[PlyCount "82"]
[GameId "2160767908410452"]
[EventDate "2017.07.06"]
[EventType "swiss"]
[EventRounds "7"]
[EventCountry "CAN"]
[SourceTitle "hb 2017"]

1. e4 c5 2. Nc3 d6 3. f4 Nc6 4. Nf3 e6 5. Bb5 Bd7 6. d3 Nf6 7. O-O Be7 8. Ne2 O-O 9. c3 a6 10. Ba4 c4 11. Bc2 cxd3 12. Bxd3 Qc7 13. Ng3 e5 14. Qc2 exf4 15. Bxf4 Ne5 16. Nxe5 dxe5 17. Be3 Bc5 18. Bxc5 Qxc5+ 19. Qf2 Qxf2+ 20. Rxf2 Bc6 21. Rd2 Rad8 22. Rad1 Rd7 23. Bc2 Rfd8 24. Rxd7 Rxd7 25. Rxd7 Nxd7 26. Kf2 Kf8 27. Ke3 Ke7 28. Nf5+ Kf6 29. h4 g6 30. Nh6 Kg7 31. Ng4 h5 32. Nh2 Kf6 33. g4 hxg4 34. Nxg4+ Kg7 35. a4 f6 36. b4 b5 37. axb5 axb5 38. Bd3 Nb6 39. Kf3 Kf7 40. Bc2 Kg7 41. Bd3 Kf7 1/2-1/2

[Event "CYCC U12 w"]
[Site "Sault Ste Marie CAN"]
[Date "2017.07.08"]
[Round "5.78"]
[White "Van, Anna"]
[Black "Gilani, Mysha"]
[Result "1/2-1/2"]
[WhiteElo "1720"]
[BlackElo "1484"]
[WhiteFideId "-1"]
[WhiteFideId "-1"]
[PlyCount "106"]
[GameId "2160767908410453"]
[EventDate "2017.07.06"]
[EventType "swiss"]
[EventRounds "7"]
[EventCountry "CAN"]
[SourceTitle "EXT 2022"]
[Source "ChessBase"]
[SourceDate "2021.10.06"]
[SourceVersion "1"]
[SourceVersionDate "2021.10.06"]
[SourceQuality "1"]

1. e4 e5 2. Nf3 Nc6 3. Bc4 Bc5 4. c3 Nf6 5. d3 d6 6. Bb3 O-O 7. O-O Bb6 8. h3 Ne7 9. Nbd2 Ng6 10. Re1 Be6 11. Bc2 Qd7 12. d4 Nf4 13. Nf1 N6h5 14. Bxf4 Nxf4 15. Ng5 exd4 16. cxd4 h6 17. Nxe6 fxe6 18. e5 dxe5 19. dxe5 Qf7 20. Ne3 Nxh3+ 21. gxh3 Qxf2+ 22. Kh1 Bxe3 23. Qd3 Qf3+ 24. Kh2 Bf4+ 25. Kg1 Qxd3 26. Bxd3 Rad8 27. Bc4 Rde8 28. Rad1 Rf5 29. Rf1 Be3+ 30. Kg2 Rxe5 31. Rd7 Rg5+ 32. Kf3 Rf5+ 33. Kxe3 Rh5 34. Rf3 b5 35. Bf1 Rf8 36. Rxf8+ Kxf8 37. Rxc7 a5 38. Rb7 b4 39. Kd4 a4 40. Rxb4 g5 41. Kc3 Rh4 42. Rxh4 gxh4 43. Kb4 Kf7 44. Kxa4 e5 45. b4 e4 46. b5 Ke7 47. b6 Kd8 48. Kb5 Kc8 49. Kc6 e3 50. a4 Kb8 51. b7 h5 52. a5 e2 53. Bxe2 Ka7 1/2-1/2

[Event "CYCC U12 w"]
[Site "Sault Ste Marie CAN"]
[Date "2017.07.08"]
[Round "5.80"]
[White "Laird, Aili"]
[Black "Qiao, Joey"]
[Result "0-1"]
[WhiteElo "982"]
[BlackElo "1460"]
[WhiteFideId "-1"]
[WhiteFideId "-1"]
[PlyCount "74"]
[GameId "2160767908410455"]
[EventDate "2017.07.06"]
[EventType "swiss"]
[EventRounds "7"]
[EventCountry "CAN"]
[SourceTitle "hb 2017"]

1. d4 d5 2. g3 Nf6 3. Bg2 c6 4. Qd3 e6 5. Nf3 Bd6 6. Bf4 Qc7 7. e3 Nbd7 8. Nbd2 e5 9. Bg5 e4 10. Qe2 exf3 11. Qxf3 h6 12. Bf4 Nf8 13. e4 Bxf4 14. gxf4 dxe4 15. Nxe4 Qe7 16. Qd3 Bf5 17. f3 O-O-O 18. O-O Ne6 19. b4 Rxd4 20. Qe3 Nd5 21. Qe2 Qxb4 22. Qf2 Kb8 23. Ng3 Rxf4 24. Nh5 Rc4 25. Qe2 Qc5+ 26. Rf2 Ne3 27. Qd2 Rxc2 28. Qd7 Rxf2 29. Kxf2 Nc2+ 30. Kf1 Nxa1 31. Ng3 Qc4+ 32. Ke1 Nc2+ 33. Kf2 Qc5+ 34. Kf1 Ne3+ 35. Kf2 Ng4+ 36. Ke2 Qe3+ 37. Kd1 Nf2# 0-1

[Event "CYCC U12 w"]
[Site "Sault Ste Marie CAN"]
[Date "2017.07.09"]
[Round "6.77"]
[White "Tsukerman, Julia"]
[Black "Qiao, Joey"]
[Result "1/2-1/2"]
[WhiteElo "1371"]
[BlackElo "1460"]
[WhiteFideId "-1"]
[WhiteFideId "-1"]
[PlyCount "108"]
[GameId "2160767908410456"]
[EventDate "2017.07.06"]
[EventType "swiss"]
[EventRounds "7"]
[EventCountry "CAN"]
[SourceTitle "hb 2017"]

1. e4 e5 2. Nf3 Nc6 3. Bb5 a6 4. Ba4 Nf6 5. d3 b5 6. Bb3 Be7 7. O-O d6 8. c3 O-O 9. h3 h6 10. Nbd2 Re8 11. Re1 Bf8 12. a4 Be6 13. d4 Bd7 14. d5 Ne7 15. c4 Ng6 16. Nf1 Be7 17. Qd3 Rb8 18. axb5 axb5 19. Ra7 Qc8 20. cxb5 Bxb5 21. Bc4 Bxc4 22. Qxc4 Rb7 23. Rxb7 Qxb7 24. Ne3 Nh5 25. g3 Bf8 26. b4 Nf6 27. Bd2 Rc8 28. Rc1 Ne7 29. b5 Qa7 30. g4 Nh7 31. Nf5 Nxf5 32. gxf5 Nf6 33. Be3 Qb7 34. Nd2 Ne8 35. Rb1 Rb8 36. Qc6 Qc8 37. Kg2 Qd8 38. Nf3 Be7 39. Ra1 Rc8 40. Bd2 Nf6 41. Ra4 Ne8 42. Ne1 Bg5 43. Bc3 Rb8 44. Ba5 Qc8 45. Rc4 Qb7 46. Bxc7 Qxc6 47. Rxc6 Nxc7 48. Rxc7 Rxb5 49. Rd7 Rb6 50. Nf3 Bf6 51. Nd2 Rb4 52. Kf3 Bg5 53. Nf1 Rb6 54. Ne3 Bxe3 1/2-1/2

[Event "CYCC U12 w"]
[Site "Sault Ste Marie CAN"]
[Date "2017.07.09"]
[Round "6.78"]
[White "Gilani, Mysha"]
[Black "Guo, Hazel"]
[Result "1-0"]
[WhiteElo "1484"]
[BlackElo "1388"]
[WhiteFideId "-1"]
[WhiteFideId "-1"]
[PlyCount "107"]
[GameId "2160767908410457"]
[EventDate "2017.07.06"]
[EventType "swiss"]
[EventRounds "7"]
[EventCountry "CAN"]
[SourceTitle "hb 2017"]

1. d4 d5 2. c4 e6 3. Nc3 Nf6 4. cxd5 exd5 5. e3 c6 6. Bd3 Bd6 7. Nge2 Be6 8. O-O O-O 9. Qc2 Nbd7 10. f3 c5 11. Nb5 Be7 12. Nf4 Qb6 13. Nxe6 fxe6 14. a4 c4 15. Be2 a6 16. Nc3 e5 17. a5 Qa7 18. Nxd5 Nxd5 19. Bxc4 exd4 20. Bxd5+ Kh8 21. Qb3 Nc5 22. Qb6 Qxb6 23. axb6 Rfd8 24. e4 a5 25. Bf4 h6 26. Rac1 Rd7 27. Rfd1 d3 28. Be3 Na4 29. Rc7 Rad8 30. b3 Nb2 31. Rd2 Bf6 32. Bxb7 Rd6 33. Bc5 Bc3 34. e5 Bxd2 35. exd6 Bc1 36. Ba6 Na4 37. bxa4 d2 38. Be2 Re8 39. d7 Re6 40. d8=Q+ Kh7 41. Bd3+ Rg6 42. Bxg6+ Kxg6 43. Qd6+ Kh7 44. Qd3+ Kg8 45. Qd7 Bb2 46. Rc8+ Kh7 47. Qd3+ g6 48. Qd7+ Bg7 49. Rc7 d1=Q+ 50. Qxd1 h5 51. Qd7 Kh6 52. Qxg7+ Kg5 53. f4+ Kh4 54. Qf6+ 1-0

[Event "CYCC U12 w"]
[Site "Sault Ste Marie CAN"]
[Date "2017.07.09"]
[Round "6.79"]
[White "Van, Anna"]
[Black "Laird, Aili"]
[Result "1-0"]
[WhiteElo "1720"]
[BlackElo "982"]
[WhiteFideId "-1"]
[WhiteFideId "-1"]
[PlyCount "81"]
[GameId "2160767908410458"]
[EventDate "2017.07.06"]
[EventType "swiss"]
[EventRounds "7"]
[EventCountry "CAN"]
[SourceTitle "EXT 2022"]
[Source "ChessBase"]
[SourceDate "2021.10.06"]
[SourceVersion "1"]
[SourceVersionDate "2021.10.06"]
[SourceQuality "1"]

1. e4 d5 2. exd5 Qxd5 3. Nc3 Qe6+ 4. Be2 b6 5. Nf3 Qg6 6. Rg1 Bb7 7. d4 e6 8. Bd3 f5 9. Nb5 Bd6 10. Nxd6+ cxd6 11. Qe2 Be4 12. Bxe4 fxe4 13. Nh4 Qf6 14. Qxe4 d5 15. Qg4 Nc6 16. c3 e5 17. Bg5 Qf7 18. Nf5 Nh6 19. Bxh6 gxh6 20. Nd6+ Kf8 21. Nxf7 Kxf7 22. Qf5+ Kg8 23. Qe6+ Kf8 24. Qxc6 Rd8 25. Qf6+ Ke8 26. Qxh8+ Kd7 27. Qxd8+ Kxd8 28. dxe5 Ke7 29. Kd2 Ke6 30. Rge1 a5 31. f4 b5 32. f5+ Kxf5 33. e6 h5 34. e7 h4 35. e8=Q Kg4 36. Qe2+ Kg5 37. Qe5+ Kg6 38. Rf1 h5 39. Rf6+ Kg7 40. Qg5+ Kh7 41. Rh6# 1-0